Aproximación al estado de las actividades de investigación y cooperación científica y técnica sobre medio ambiente con énfasis en biodiversidad 2005 (Registro nro. 5166)

Detalles MARC
000 -CABECERA
Campo de control 00756nam a2200229 a 4500
005 - FECHA Y HORA DE LA ULTIMA TRANSACCION
Campo de control 20150722020002.0
008 - ELEMENTOS DE LONGITUD FIJA—INFORMACION GENERAL
Campo de control 140127b2005 ck ||||| |||| 00| 0 spa d
041 ## - IDIOMA
Código de idioma para texto/pista de sonido o título separado Español
044 ## - PAÍS DE PUBLICACIÓN
País de publicación Colombia
090 ## - CLASIFICACIÓN LOCAL
Colección IAVH
Consecutivo 00520
100 ## - ASIENTO PRINCIPAL--NOMBRE PERSONAL
Nombre personal Yepes, Adriana
245 ## - MENCION DE TITULO
Título Aproximación al estado de las actividades de investigación y cooperación científica y técnica sobre medio ambiente con énfasis en biodiversidad 2005
260 ## - PUBLICACION, DISTRIBUCION, ETC. (PIE DE IMPRENTA)
Lugar de publicación, distribución, etc. Bogotá
Nombre del editor, distribuidor, etc. Instituto Alexander von Humboldt
Fecha de publicación, distribución, etc. 2005
300 ## - DESCRIPCION FISICA
Extensión 40 p.
700 ## - ASIENTO SECUNDARIO - NOMBRE PERSONAL
Nombre personal Galindo, Pilar
700 ## - ASIENTO SECUNDARIO - NOMBRE PERSONAL
Nombre personal Fandiño, María Claudia
700 ## - ASIENTO SECUNDARIO - NOMBRE PERSONAL
Nombre personal Castillo , Enrique
700 ## - ASIENTO SECUNDARIO - NOMBRE PERSONAL
Nombre personal Rincón, Nadeyda
700 ## - ASIENTO SECUNDARIO - NOMBRE PERSONAL
Nombre personal Rivera, Héctor
942 ## - ELEMENTOS ADICIONALES (KOHA)
Tipo de ítem CD-ROM
Sistema de clasificación Dewey Decimal Classification
Koha issues (borrowed), all copies 3
945 ## - PROCESAMIENTO LOCAL
AAAA-MM-DD - Fecha de ingreso o modificacion 2006-01-16
Existencias
Withdrawn status Lost status Sistema de Clasificación Damaged status No para préstamo Colección Inventariado Ubicación Permanente Ubicación actual Fecha de adquisición Fuente de Valor Valor Total Checkouts Número topográfico Inventario / Código de Barras Date last seen Ejemplar Price effective from Forma de adquisición Tipo de material Date checked out
    Dewey Decimal Classification     Humboldt Inventariado 2017 Bogotá Bogotá 23/07/2014 Instituto 30000.00 2 IAVH-333.72 I918a 029527 21/07/2015 Ej. 3 23/07/2014 Institucional Libro 21/07/2015
    Dewey Decimal Classification     Humboldt Inventariado 2017 Sala Fabio Quevedo Sala Fabio Quevedo 23/07/2014 Instituto 30000.00 1 IAVH-333.72 Y47a 038168 05/09/2014 Ej. 2 23/07/2014 Institucional Libro 04/09/2014
    Local     Humboldt Inventariado 2017 Villa de Leyva Villa de Leyva 16/01/2006 Instituto 30000.00   IAVH-00520 022876 04/12/2012 Ej. 1 04/12/2012 Institucional Libro